000 00497cam a2200193 4500
001 D7113
008 090401t1974 xxu||||| |||| 00| 0 eng d
035 _a(Sirsi) u94237
041 _aeng
050 _a692.3
100 _aMiller, P.F.
245 _aInitial stages of excavation, piling and concrete work
260 _aLondon
_bStandard Method of Measurement Developme
_c1974
300 _a6 leaves. 30cm
350 _a0
520 _aFiled at SMMDU/4
942 _n0
948 _c04/03/1997
999 _c97951
_d97951